| 000 | 00000nas##2200000za#4500 |
| 001 | 9.504827 |
| 003 | CaOODSP |
| 005 | 20200331211335 |
| 007 | cr ||||||||||| |
| 008 | 150406c2000||||xxc|| m o||||f| |0eng|d |
| 040 | |aCaOODSP|beng |
| 043 | |an-cn--- |
| 086 | 1 |aP25-5E-PDF |
| 110 | 1 |aCanada.|bPublic Works and Government Services Canada. |bReal Property Services Branch. |
| 245 | 10|aTechnical information document / |h[electronic resource]|c[by] RPS for INAC [Real Property Services for Indian and Northern Affairs Canada]. |
| 260 | |aOttawa - Ontario : |bPublic Works and Government Services Canada. |c2000--. |
| 690 | 07|aIndigenous peoples|2gcpds |
| 690 | 07|aCommunity development|2gcpds |
| 690 | 07|aInuit|2gcpds |
| 690 | 07|aNorthern Canada|2gcpds |
| 690 | 07|aPlanning|2gcpds |
| 775 | 08|tDocument d'information technique / |w(CaOODSP)9.501230 |